000 00933nam a2200265 a 4500
005 20180803165427.0
008 140217b2006 ck ||||| |||| 00| 0 spa d
040 _aCO-BoIAVH
_cCO-BoIAVH
041 _aspa
044 _ack
090 _aIAVH
_b01384
110 _bInstituto de Investigación de Recursos Biológicos Alexander von Humboldt, IAvH
_92047
245 _aImplementar el monitoreo de la biodiversidad a nivel de especies de aves y plantas de la familia Rubiaceae
_bInforme final de resultados
260 _aBogotá
_bIAvH
_bCAR
_c2006
300 _a55 p.
505 _aNo se recibieron 2 Cds que forman parte del informe
650 _aAves
_992429
650 _aInventarios de aves
_96278
650 _aHábitat animal
_931375
650 _aRubiaceae
_96280
662 _cFalla del Tequendama
_bCundinamarca
662 _cLa Aguadita
_bCundinamarca
662 _dPuerto Salgar
_bCundinamarca
942 _cINFORME
_01
_2z
999 _c7130
_d7130